00321nam a2200133Ia 4500008004100000041000800041082001800049100002400067245002200091260003300113300000800146500001400154999001900168240715s9999 xx 000 0 und d aeng a330 KOL 22401 aKolapkar A.9205995 aArthasakshar Vha. bArthasakshar.comaPunec2021 a389 aEconomics c359070d359070